Normal view MARC view
  • Royal Institution of Chartered Surveyors

Entry Corporate Name

Number of records used in: 3

001 - CONTROL NUMBER

  • control field: 4495

003 - CONTROL NUMBER IDENTIFIER

  • control field: SIRSI

005 - DATE AND TIME OF LATEST TRANSACTION

  • control field: 20190806150233.0

008 - FIXED-LENGTH DATA ELEMENTS

  • fixed length control field: 030707n| aaannaabn |n ana d

040 ## - CATALOGING SOURCE

  • Original cataloging agency: OSt
  • Transcribing agency: OSt

110 ## - HEADING--CORPORATE NAME

  • Corporate name or jurisdiction name as entry element: Royal Institution of Chartered Surveyors
  • Subordinate unit: Faculties and Forums

410 ## - SEE FROM TRACING--CORPORATE NAME

  • Corporate name or jurisdiction name as entry element: RICS Faculties and Forums

410 ## - SEE FROM TRACING--CORPORATE NAME

  • Corporate name or jurisdiction name as entry element: Faculties and Forums

670 ## - SOURCE DATA FOUND

  • Source citation: Disability Discrimination Act 1995, 2003